Грунтоведение: методические указания к выполнению лабораторных, индивидуальных и самостоятельных работ по курсу "Грунтоведение" для студентов, обучающихся по направлению 130101 "Прикладная геология", специализация 130302 "Поиски и разведка подземных вод и инженерно-геологические изыскания"

التفاصيل البيبلوغرافية
مؤلف مشترك: Национальный исследовательский Томский политехнический университет (ТПУ) Институт природных ресурсов (ИПР) Кафедра гидрогеологии, инженерной геологии и гидрогеоэкологии (ГИГЭ)
مؤلفون آخرون: Крамаренко В. В. Виолетта Валентиновна (составитель)
الملخص:Заглавие с титульного экрана
Режим доступа: из корпоративной сети ТПУ
اللغة:الروسية
منشور في: Томск, Изд-во ТПУ, 2015
الموضوعات:
الوصول للمادة أونلاين:http://www.lib.tpu.ru/fulltext2/m/2016/m022.pdf
التنسيق: الكتروني كتاب
KOHA link:https://koha.lib.tpu.ru/cgi-bin/koha/opac-detail.pl?biblionumber=316746

MARC

LEADER 00000nlm0a2200000 4500
001 316746
005 20240220163253.0
035 |a (RuTPU)RU\TPU\book\342214 
090 |a 316746 
100 |a 20160328d2015 m y0rusy50 ca 
101 0 |a rus 
102 |a RU 
105 |a a j 001zy 
135 |a drcn ---uucaa 
181 0 |a i  
182 0 |a b 
200 1 |a Грунтоведение  |e методические указания к выполнению лабораторных, индивидуальных и самостоятельных работ по курсу "Грунтоведение" для студентов, обучающихся по направлению 130101 "Прикладная геология", специализация 130302 "Поиски и разведка подземных вод и инженерно-геологические изыскания"  |f Национальный исследовательский Томский политехнический университет (ТПУ) ; сост. В. В. Крамаренко 
203 |a Текст  |c электронный 
210 |a Томск  |c Изд-во ТПУ  |d 2015 
300 |a Заглавие с титульного экрана 
333 |a Режим доступа: из корпоративной сети ТПУ 
337 |a Adobe Reader 
606 1 |a Грунтоведение  |2 stltpush  |3 (RuTPU)RU\TPU\subj\8739  |9 36083 
610 1 |a электронный ресурс 
610 1 |a труды учёных ТПУ 
610 1 |a методические указания 
610 1 |a лабораторные работы 
610 1 |a самостоятельные работы 
610 1 |a индивидуальные задания 
610 1 |a гранулометрический состав 
610 1 |a микроагрегатный состав 
610 1 |a разложение 
610 1 |a ботанический состав 
610 1 |a торф 
610 1 |a зональность 
610 1 |a почвы 
610 1 |a гравиметрические методы 
610 1 |a растительные остатки 
610 1 |a грунты 
610 1 |a влажность 
610 1 |a физические характеристики 
610 1 |a плотность 
610 1 |a физико-механические характеристики 
675 |a 624.131(076.5)  |v 3 
702 1 |a Крамаренко  |b В. В.  |c геолог  |c доцент Томского политехнического университета, кандидат геолого-минералогических наук  |f 1965-  |g Виолетта Валентиновна  |3 (RuTPU)RU\TPU\pers\27701  |4 220  |9 12775 
712 0 2 |a Национальный исследовательский Томский политехнический университет (ТПУ)  |b Институт природных ресурсов (ИПР)  |b Кафедра гидрогеологии, инженерной геологии и гидрогеоэкологии (ГИГЭ)  |3 (RuTPU)RU\TPU\col\18664 
801 1 |a RU  |b 63413507  |c 20120210 
801 2 |a RU  |b 63413507  |c 20160620  |g RCR 
856 4 |u http://www.lib.tpu.ru/fulltext2/m/2016/m022.pdf 
942 |c CF